• 首页
  • 本馆介绍
  • 公告通知
  • 最新文献
  • 馆藏检索
  • 电子资源
  • 读者导购
  • 参考咨询
  • 我的图书馆
  • 登录
  • 详细信息显示
  • 放入我的书架
  • 预约/预借图书
  • 作者相关作品
  • 分类相关作品
  • 丛书相关作品
  • 出版社相关作品

书目信息

  • 表格格式
  • 工作单格式
  • 卡片格式
题名:
小儿推拿精粹
    
 
作者: 金义成 主编
分册:  
出版信息: 郑州   河南科学技术出版社  2020
页数: 21,364页
开本: 26cm
丛书名:
单 册:
中图分类: R244.15
科图分类:
主题词: 小儿疾病--推拿
电子资源:
ISBN: 978-7-5725-0020-6
000 00962nam0 2200229 450
001 2344175481
005 20240106084045.02
010    @a978-7-5725-0020-6@b精装@dCNY100.00,原298.00
100    @a20201126d2020 em y0chiy50 ea
101 0  @achi
102    @aCN@b410000
105    @aa z 000yy
200 1  @a小儿推拿精粹@Axiao er tui na jing cui@dEssence of pediatric tuina@f金义成主编@zeng
210    @a郑州@c河南科学技术出版社@d2020
215    @a21,364页@c照片,图@d26cm
330    @a本书将历代小儿推拿古籍,尤其是明清时代的小儿推拿专著整理归类为一书,并着重介绍了小儿推拿手法,小儿推拿特定穴位的位置、操作、主治,以及各种病症的推拿治疗基本方法及应用加减方法。进一步为临床实践提供前人的宝贵经验,为科学研究提供丰富的文献基础,为教学提供系统的参考资料。
510 1  @aEssence of pediatric tuina@zeng
606 0  @a小儿疾病@x推拿
690    @aR244.15@v5
701  0 @a金义成@Ajin yi cheng@4主编
801  0 @aCN@b91MARC@c20201127
905    @aZUCC@dR244.15@e11
    
    小儿推拿精粹=Essence of pediatric tuina/金义成主编.-郑州:河南科学技术出版社,2020
    21,364页:照片,图;26cm
    
    
    ISBN 978-7-5725-0020-6(精装):CNY100.00,原298.00
    本书将历代小儿推拿古籍,尤其是明清时代的小儿推拿专著整理归类为一书,并着重介绍了小儿推拿手法,小儿推拿特定穴位的位置、操作、主治,以及各种病症的推拿治疗基本方法及应用加减方法。进一步为临床实践提供前人的宝贵经验,为科学研究提供丰富的文献基础,为教学提供系统的参考资料。
●
相关链接 在五车中查询图书 在当当中查询图书 在豆瓣中查询图书


正题名:小儿推拿精粹     索取号:R244.15/11         预约/预借

序号 登录号 条形码 馆藏地/架位号 状态 备注
1 2001259435   2001259435   辽宁北方(第一批)/辽宁北方(第一批)/149/ [索取号:R244.15/11] 在馆    
2 2001259436   2001259436   辽宁北方(第一批)/辽宁北方(第一批)/149/ [索取号:R244.15/11] 在馆    
3 2001259437   2001259437   辽宁北方(第一批)/辽宁北方(第一批)/149/ [索取号:R244.15/11] 在馆    
4 2001259438   2001259438   辽宁北方(第一批)/辽宁北方(第一批)/149/ [索取号:R244.15/11] 在馆    
5 2001259439   2001259439   辽宁北方(第一批)/辽宁北方(第一批)/149/ [索取号:R244.15/11] 在馆    
6 2001259440   2001259440   辽宁北方(第一批)/辽宁北方(第一批)/149/ [索取号:R244.15/11] 在馆    
山东省滨州职业学院图书馆 欢迎您!
大连网信软件有限公司© 版权所有